[Event "DEN-ch"]
[Site "Aarhus"]
[Date "1981.??.??"]
[Round "10"]
[White "Reinert, Mads"]
[Black "Jacobsen, Bo"]
[Result "1/2-1/2"]
[WhiteElo "2200"]
[BlackElo "2335"]
[PlyCount "108"]
[EventDate "1981.??.??"]
[EventType "tourn"]
[EventRounds "11"]
[EventCountry "DEN"]
[EventCategory "3"]
[Source "ChessBase"]
[SourceDate "1999.07.01"]

1. e4 e5 2. Nf3 Nc6 3. Bc4 d6 4. O-O Be7 5. d4 Nf6 6. Re1 Bg4 7. c3 O-O 8. d5
Nb8 9. Nbd2 Nbd7 10. h3 Bh5 11. b4 Bg6 12. a4 h6 13. Qc2 Nh5 14. Nb3 Nf4 15.
Na5 Qc8 16. Bxf4 exf4 17. Nd4 Bf6 18. Bf1 Be5 19. f3 Nf6 20. Qe2 Bh7 21. Qb5
Rb8 22. Qc4 Qd7 23. Qb5 Qd8 24. Nab3 Kh8 25. Qa5 g5 26. Qxa7 h5 27. a5 Qc8 28.
a6 g4 29. axb7 Rxb7 30. Qa2 Rb6 31. Kh1 Rg8 32. Qf2 Rb8 33. Ra7 gxh3 34. gxh3
Rg3 35. Bg2 Qd7 36. Rea1 Rbg8 37. Ra8 Ne8 38. Rg1 f5 39. exf5 Bxf5 40. Nxf5
Qxf5 41. Nd4 Bxd4 42. Qxd4+ Kh7 43. Kh2 Qc2 44. Qe4+ Qxe4 45. fxe4 f3 46. Bxf3
Rxg1 47. Rxe8 R8g7 48. e5 Re1 49. e6 h4 50. Rf8 Rg3 51. Rf4 Kg7 52. c4 Rf1 53.
e7 Rf2+ 54. Kh1 Rf1+ 1/2-1/2

[Event "DEN-ch"]
[Site "Aarhus"]
[Date "1981.??.??"]
[Round "3"]
[White "Reinert, Mads"]
[Black "Fries Nielsen, Jens Ove"]
[Result "1/2-1/2"]
[WhiteElo "2200"]
[BlackElo "2320"]
[PlyCount "41"]
[EventDate "1981.??.??"]
[EventType "tourn"]
[EventRounds "11"]
[EventCountry "DEN"]
[EventCategory "3"]
[Source "ChessBase"]
[SourceDate "1999.07.01"]

1. e4 e5 2. Nf3 Nc6 3. Bc4 Bc5 4. c3 Nf6 5. d3 d6 6. O-O Qe7 7. a4 a6 8. Na3
Bxa3 9. Rxa3 Be6 10. Bxe6 fxe6 11. Re1 O-O 12. d4 Nd7 13. d5 Nd8 14. a5 Nf7 15.
b4 c6 16. c4 cxd5 17. exd5 Rac8 18. Qe2 exd5 19. cxd5 Nf6 20. Bg5 Nxg5 21. Nxg5
1/2-1/2

[Event "DEN-ch"]
[Site "Aarhus"]
[Date "1981.??.??"]
[Round "5"]
[White "Reinert, Mads"]
[Black "Kristensen, Leif Sogaard"]
[Result "1-0"]
[WhiteElo "2200"]
[BlackElo "2235"]
[PlyCount "71"]
[EventDate "1981.??.??"]
[EventType "tourn"]
[EventRounds "11"]
[EventCountry "DEN"]
[EventCategory "3"]
[Source "ChessBase"]
[SourceDate "1999.07.01"]

1. e4 d5 2. exd5 Qxd5 3. Nc3 Qa5 4. d4 Nf6 5. Nf3 Bf5 6. Bc4 c6 7. Bd2 e6 8.
Qe2 Bb4 9. O-O-O Nbd7 10. a3 Bxc3 11. Bxc3 Qc7 12. d5 cxd5 13. Bxd5 O-O 14. Ba2
Ne4 15. Bb4 Ndc5 16. Nd4 Bg6 17. f3 a5 18. Be1 Qf4+ 19. Kb1 Nf6 20. Bg3 Qh6 21.
Bd6 Rfc8 22. h4 Ne8 23. Be7 Qf4 24. h5 Bd3 25. Qf2 e5 26. Bxc5 exd4 27. Rxd3
Rxc5 28. Rxd4 Qc7 29. h6 Rc8 30. c3 Qb6 31. Rd7 Qg6+ 32. Ka1 Rf5 33. Bb1 Nf6
34. Bxf5 Qxf5 35. Rxb7 Ne4 36. Qc2 1-0

[Event "DEN-ch"]
[Site "Aarhus"]
[Date "1981.??.??"]
[Round "8"]
[White "Reinert, Mads"]
[Black "Sahl, Bjarke"]
[Result "0-1"]
[WhiteElo "2200"]
[BlackElo "2345"]
[PlyCount "78"]
[EventDate "1981.??.??"]
[EventType "tourn"]
[EventRounds "11"]
[EventCountry "DEN"]
[EventCategory "3"]
[Source "ChessBase"]
[SourceDate "1999.07.01"]

1. e4 c6 2. d4 d5 3. Nd2 dxe4 4. Nxe4 Nd7 5. Bc4 Ngf6 6. Ng5 e6 7. Qe2 Nb6 8.
Bd3 h6 9. N5f3 c5 10. dxc5 Nbd7 11. b4 b6 12. Nd4 Nd5 13. Bb2 Nxb4 14. c6 Nxd3+
15. Qxd3 Nc5 16. Qf3 Na4 17. O-O-O Nxb2 18. Kxb2 Qc7 19. Qe4 a6 20. Ngf3 Be7
21. Ne5 O-O 22. f4 Rd8 23. Rd3 Rd5 24. Rhd1 b5 25. Ndf3 Bf6 26. Kb1 Ra7 27. g4
Qe7 28. h4 g6 29. g5 Bg7 30. Rxd5 exd5 31. Rxd5 Be6 32. Nd7 Qa3 33. Nf6+ Bxf6
34. gxf6 Bxd5 35. Qxd5 Qb4+ 36. Ka1 Qxf4 37. Qd8+ Kh7 38. Nd2 Rc7 39. c3 Rxc6
0-1

[Event "DEN-ch"]
[Site "Aarhus"]
[Date "1981.??.??"]
[Round "11"]
[White "Sahl, Bjarke"]
[Black "Kristensen, Leif Sogaard"]
[Result "1-0"]
[WhiteElo "2345"]
[BlackElo "2235"]
[PlyCount "70"]
[EventDate "1981.??.??"]
[EventType "tourn"]
[EventRounds "11"]
[EventCountry "DEN"]
[EventCategory "3"]
[Source "ChessBase"]
[SourceDate "1999.07.01"]

1. c4 c5 2. Nc3 Nc6 3. g3 Nf6 4. Bg2 e6 5. e4 d6 6. Nge2 a6 7. O-O Be7 8. d4
cxd4 9. Nxd4 Bd7 10. b3 O-O 11. Bb2 Rc8 12. Rc1 Qa5 13. Re1 Nxd4 14. Qxd4 Rfd8
15. a3 Bf8 16. h3 Qh5 17. Qb6 Bc6 18. Qe3 Nd7 19. Nd5 b5 20. cxb5 axb5 21. Nb6
Nxb6 22. Qxb6 Be8 23. Rc7 Rb8 24. Rb7 Ra8 25. Rc1 d5 26. exd5 exd5 27. Qd4 Ra6
28. Re1 Rad6 29. Kh2 Bd7 30. Re5 Qh6 31. h4 Bc6 32. Rc7 Rf6 33. Rg5 Kh8 34. Qb6
Be8 35. Rxf7 Rxf7 1-0

[Event "DEN-ch"]
[Site "Aarhus"]
[Date "1981.??.??"]
[Round "3"]
[White "Sahl, Bjarke"]
[Black "Brinck Claussen, Bjorn"]
[Result "1/2-1/2"]
[WhiteElo "2345"]
[BlackElo "2375"]
[PlyCount "50"]
[EventDate "1981.??.??"]
[EventType "tourn"]
[EventRounds "11"]
[EventCountry "DEN"]
[EventCategory "3"]
[Source "ChessBase"]
[SourceDate "1999.07.01"]

1. c4 Nf6 2. Nf3 c5 3. g3 d5 4. Bg2 Nc6 5. O-O d4 6. d3 e5 7. b4 cxb4 8. a3
bxa3 9. Bxa3 Bxa3 10. Rxa3 O-O 11. Nbd2 Qe7 12. Qa1 e4 13. dxe4 Nxe4 14. Nb3
Nc3 15. Nbxd4 Nxe2+ 16. Nxe2 Qxe2 17. Re1 Qxc4 18. Ra4 Qc5 19. Ne5 Be6 20. Nxc6
bxc6 21. Rc1 Qg5 22. Ra5 Qf6 23. Rxc6 Qxa1+ 24. Rxa1 Rab8 25. Rca6 Rfd8 1/2-1/2

[Event "DEN-ch"]
[Site "Aarhus"]
[Date "1981.??.??"]
[Round "1"]
[White "Sahl, Bjarke"]
[Black "Fries Nielsen, Niels Jorgen"]
[Result "0-1"]
[WhiteElo "2345"]
[BlackElo "2325"]
[PlyCount "31"]
[EventDate "1981.??.??"]
[EventType "tourn"]
[EventRounds "11"]
[EventCountry "DEN"]
[EventCategory "3"]
[Source "ChessBase"]
[SourceDate "1999.07.01"]

1. e4 d5 2. exd5 Qxd5 3. Nf3 Bg4 4. Be2 Nc6 5. O-O O-O-O 6. d3 Nf6 7. Nc3 Qh5
8. h3 Bxh3 9. gxh3 Qxh3 10. Nh2 e6 11. f4 Bc5+ 12. Kh1 Nd4 13. Rf3 Qh4 14. Qf1
Ng4 15. Qh3 Nf2+ 16. Rxf2 0-1

[Event "DEN-ch"]
[Site "Aarhus"]
[Date "1981.??.??"]
[Round "5"]
[White "Sahl, Bjarke"]
[Black "Knudsen, Per"]
[Result "1-0"]
[WhiteElo "2345"]
[BlackElo "2355"]
[PlyCount "53"]
[EventDate "1981.??.??"]
[EventType "tourn"]
[EventRounds "11"]
[EventCountry "DEN"]
[EventCategory "3"]
[Source "ChessBase"]
[SourceDate "1999.07.01"]

1. e4 d5 2. Nc3 dxe4 3. Nxe4 Nh6 4. d4 Nf5 5. Nf3 b6 6. c3 Bb7 7. Bd3 e6 8. Qe2
Nd7 9. Bg5 Be7 10. h4 h6 11. Bf4 Nxh4 12. Nxh4 Bxh4 13. O-O-O Be7 14. Qg4 Kf8
15. Qg3 Rc8 16. Be5 Nxe5 17. dxe5 Qe8 18. Bc2 Bxe4 19. Bxe4 g6 20. Qf3 Qa4 21.
Rd4 Qb5 22. Bxg6 f5 23. Bxf5 Bg5+ 24. Kb1 exf5 25. Qxf5+ Ke7 26. Rd6 Rce8 27.
Re6+ 1-0

[Event "DEN-ch"]
[Site "Aarhus"]
[Date "1981.??.??"]
[Round "9"]
[White "Sahl, Bjarke"]
[Black "Hvenekilde, Jorgen"]
[Result "1-0"]
[WhiteElo "2345"]
[BlackElo "2275"]
[PlyCount "85"]
[EventDate "1981.??.??"]
[EventType "tourn"]
[EventRounds "11"]
[EventCountry "DEN"]
[EventCategory "3"]
[Source "ChessBase"]
[SourceDate "1999.07.01"]

1. e4 e5 2. Nc3 Nc6 3. g3 Bc5 4. Bg2 d6 5. Nge2 a6 6. Nd5 Nge7 7. c3 Nxd5 8.
exd5 Ne7 9. d4 exd4 10. Nxd4 Nf5 11. Nxf5 Bxf5 12. O-O O-O 13. b4 Bb6 14. Qd2
a5 15. Bb2 Re8 16. a3 axb4 17. cxb4 Qd7 18. Rfe1 Rxe1+ 19. Rxe1 Re8 20. Rxe8+
Qxe8 21. a4 f6 22. a5 Ba7 23. h3 Kf8 24. Bd4 Bxd4 25. Qxd4 Qe1+ 26. Kh2 Ke7 27.
Bf3 h6 28. Kg2 Kd8 29. Qa7 Qxb4 30. Qb8+ Kd7 31. a6 Be4 32. Qxb7 Qe1 33. Qb5+
Kd8 34. Qb8+ Kd7 35. Qb3 Bxf3+ 36. Qxf3 Qa5 37. Qg4+ Kd8 38. Qc4 c5 39. dxc6
Qb6 40. Qa4 Qa7 41. Qa5+ Kc8 42. Qf5+ Kb8 43. Qd7 1-0

[Event "DEN-ch"]
[Site "Aarhus"]
[Date "1981.??.??"]
[Round "7"]
[White "Sahl, Bjarke"]
[Black "Hansen, Curt"]
[Result "1-0"]
[WhiteElo "2345"]
[BlackElo "2330"]
[PlyCount "81"]
[EventDate "1981.??.??"]
[EventType "tourn"]
[EventRounds "11"]
[EventCountry "DEN"]
[EventCategory "3"]
[Source "ChessBase"]
[SourceDate "1999.07.01"]

1. e4 c5 2. Nc3 e6 3. g3 d5 4. d3 dxe4 5. dxe4 Qxd1+ 6. Nxd1 Nc6 7. c3 b6 8. f3
Bb7 9. Ne3 O-O-O 10. a4 Bd6 11. Nc4 Bc7 12. Be3 f5 13. Nh3 Nf6 14. Nf2 h6 15.
a5 g5 16. a6 Ba8 17. Bh3 Kb8 18. Rd1 Ne7 19. O-O Bc6 20. Na3 Rdg8 21. Bc1 h5
22. Rfe1 g4 23. fxg4 fxg4 24. Bg2 h4 25. e5 Nh5 26. Rd3 Bxg2 27. Kxg2 Nf5 28.
Nb5 Rd8 29. Red1 Rxd3 30. Rxd3 Rd8 31. Rxd8+ Bxd8 32. Bf4 hxg3 33. hxg3 Bh4 34.
Nxg4 Bxg3 35. Bxg3 Nhxg3 36. Nf6 Ne2 37. Nd7+ Kc8 38. Nf8 Nf4+ 39. Kf3 Nd3 40.
Nxa7+ Kb8 41. Nc6+ 1-0